Valuation of development land (Record no. 107258)
[ view plain ]
| 000 -LEADER | |
|---|---|
| fixed length control field | 01782cad a22002535a 4500 |
| 001 - CONTROL NUMBER | |
| control field | L138834 |
| 005 - DATE AND TIME OF LATEST TRANSACTION | |
| control field | 20240828100754.0 |
| 008 - FIXED-LENGTH DATA ELEMENTS--GENERAL INFORMATION | |
| fixed length control field | 160519s2008 xxk f 000 0 eng d |
| 020 ## - INTERNATIONAL STANDARD BOOK NUMBER | |
| International Standard Book Number | 9781842194010 |
| 035 ## - SYSTEM CONTROL NUMBER | |
| System control number | (Sirsi) u138834 |
| 041 0# - LANGUAGE CODE | |
| Language code of text/sound track or separate title | eng |
| 110 2# - MAIN ENTRY--CORPORATE NAME | |
| Corporate name or jurisdiction name as entry element | Royal Institution of Chartered Surveyors |
| Subordinate unit | Valuation Faculty |
| 9 (RLIN) | 4354 |
| 245 00 - TITLE STATEMENT | |
| Title | Valuation of development land |
| Remainder of title | Valuation Information Paper No 12 |
| Medium | [archived] |
| 260 ## - PUBLICATION, DISTRIBUTION, ETC. | |
| Place of publication, distribution, etc. | [lONDONS.l.] |
| Name of publisher, distributor, etc. | RICS |
| Date of publication, distribution, etc. | 2008 |
| 490 #0 - SERIES STATEMENT | |
| Series statement | Valuation Information Paper |
| Volume/sequential designation | (12) |
| 520 ## - SUMMARY, ETC. | |
| Summary, etc. | Discusses the approach to the valuation of property where the proposed development is of a cleared or greenfield site or where the site is to be redeveloped by removing all or substantially all of the existing buildings and construction new buildings. Does not apply to redevelopment based on a refurbishment of existing buildings with limited demolition. Explains two approaches to the valuation of deveopment land: Firstly a comparson with the sale price of land for comparable development (comparative method) and secondly the assessment of the value of the scheme as comleted and deduction of the costs of development (including developer's profit) to arrive at the underlying land value. This is known as the residual method. |
| 520 ## - SUMMARY, ETC. | |
| Summary, etc. | superseded by Valuation of Development Property Effective, ISBN 9781783213719, from 1st Feb 2020. |
| 590 ## - LOCAL NOTE (RLIN) | |
| Local note | KA |
| 651 #4 - SUBJECT ADDED ENTRY--GEOGRAPHIC NAME | |
| Geographic name | United Kingdom |
| 690 ## - LOCAL SUBJECT ADDED ENTRY--TOPICAL TERM (OCLC, RLIN) | |
| Topical term or geographic name as entry element | Valuation |
| 9 (RLIN) | 6273 |
| 856 40 - ELECTRONIC LOCATION AND ACCESS | |
| Uniform Resource Identifier | <a href="https://web.archive.org/web/20170722101143/http://www.rics.org/Global/Downloads/12_ValDvpmtLand_2008.pdf">https://web.archive.org/web/20170722101143/http://www.rics.org/Global/Downloads/12_ValDvpmtLand_2008.pdf</a> |
| Public note | View archived copy on internet archive |
| 856 40 - ELECTRONIC LOCATION AND ACCESS | |
| Uniform Resource Identifier | <a href="https://www.isurv.com/downloads/file/7858/archived_vip_12_valuation_of_development_land">https://www.isurv.com/downloads/file/7858/archived_vip_12_valuation_of_development_land</a> |
| Public note | Archived on isurv (subscription required) |
| 942 ## - ADDED ENTRY ELEMENTS (KOHA) | |
| Suppress in OPAC | 0 |
| Source of classification or shelving scheme | Dewey Decimal Classification |
| Withdrawn status | Lost status | Source of classification or shelving scheme | Damaged status | Not for loan | Home library | Current library | Shelving location | Date acquired | Total Checkouts | Full call number | Barcode | Date last seen | Copy number | Price effective from | Koha item type |
|---|---|---|---|---|---|---|---|---|---|---|---|---|---|---|---|
| Dewey Decimal Classification | Archives | Archives | RICS Boxes | 13/07/2007 | RICS 2008/79 | 30078300 | 06/08/2019 | 1 | 06/08/2019 | Archive | |||||
| Dewey Decimal Classification | London | London | RICS Boxes | 19/05/2016 | RICS 2008/79 | 30078304 | 06/08/2019 | 1 | 06/08/2019 | Reference material | |||||
| Dewey Decimal Classification | London | London | RICS Boxes | 19/05/2016 | RICS 2008/79 | 30078308 | 06/08/2019 | 2 | 06/08/2019 | Reference material | |||||
| Dewey Decimal Classification | Virtual | Virtual | Online | 19/05/2016 | isurv | 138834-5001 | 27/08/2024 | 1 | 06/08/2019 | Online material |